R. P. M. Fr. Emmanuelis de Villarroel Pintiani, monachi benedictini laurensanensis, theologiae doctoris, sacrarum literarum interpretis, ac Congregationis Vallis-Oletanae concionatoris generalis in sacras tautologias, cum illustrationibus panegyricis, anagogicis, tropologicis, et politicis, commentariorum literalium

Detalles Bibliográficos
Autor principal: Villarroel, Manuel de, O. S. B., 1661-1731
Formato: Libro
Lenguaje:Latin
Publicado: Matriti : ex typographia Josephus Gonzalez, 1740.
Edición:Tertia editio
Materias:
Colección:Banco de datos
Acervo:Seminario Conciliar de Nuestra Señora de Guadalupe Querétaro. Qro.. Biblioteca Florencio Rosas. Fondo Reservado
Descripción Física:8 t. ; f°
Tema general:Lógica
Filosofía
Notas:Portada tipográfica a dos tintas con pleca en grabado xilográfico. Título de la anteportada: Tautologiae sacrae. Texto a dos columnas con paginación en números arábigos, cornisas, apostillas marginales, titulillos, signaturas y reclamos. Tomo con portada y paginación propias. El t. 1 publicado en 1740. Paginación: t. 1 [27] h., 588 p., [38] h. Incluye cabecera de título, letras capitulares y viñetas finales con motivos florales en grabado xilográfico. Encuadernación en piel sobre cartón con cantos en coral. Marca de fuego: Convento Grande de San Francisco de Querétaro, Querétaro. Sello en tinta del Seminario Conciliar de Querétaro. Daños de humedad
LEADER 01675nam a22002050004500
035 |a 1988 
041 0 |a lat 
100 1 |a Villarroel, Manuel de, O. S. B., 1661-1731 
245 1 0 |a R. P. M. Fr. Emmanuelis de Villarroel Pintiani, monachi benedictini laurensanensis, theologiae doctoris, sacrarum literarum interpretis, ac Congregationis Vallis-Oletanae concionatoris generalis in sacras tautologias, cum illustrationibus panegyricis, anagogicis, tropologicis, et politicis, commentariorum literalium  
250 |a Tertia editio  
260 |a Matriti : ex typographia Josephus Gonzalez, 1740.  
300 |a 8 t. ; f° 
500 |a Portada tipográfica a dos tintas con pleca en grabado xilográfico. Título de la anteportada: Tautologiae sacrae. Texto a dos columnas con paginación en números arábigos, cornisas, apostillas marginales, titulillos, signaturas y reclamos. Tomo con portada y paginación propias. El t. 1 publicado en 1740. Paginación: t. 1 [27] h., 588 p., [38] h. Incluye cabecera de título, letras capitulares y viñetas finales con motivos florales en grabado xilográfico. Encuadernación en piel sobre cartón con cantos en coral. Marca de fuego: Convento Grande de San Francisco de Querétaro, Querétaro. Sello en tinta del Seminario Conciliar de Querétaro. Daños de humedad 
504 |a Al principio del tomo está el índice de contenido. Al final está el índice de cosas notables  
650 1 0 |a Lógica 
650 1 0 |a Filosofía 
949 |a Fondo Reservado: t. 1 (4167) 
942 |c QUER-RES 
943 |g Seminario Conciliar de Nuestra Señora de Guadalupe Querétaro. Qro.. Biblioteca Florencio Rosas. Fondo Reservado 
999 |c 1109652  |d 1109652